书目信息 |
| 题名: |
桥梁工程
|
|
| 作者: | 李广慧 主编 | |
| 分册: | ||
| 出版信息: | 郑州 郑州大学出版社 2011.08 |
|
| 页数: | 339页 | |
| 开本: | 26cm | |
| 丛书名: | ||
| 单 册: | ||
| 中图分类: | U44 | |
| 科图分类: | ||
| 主题词: | 桥梁工程--高等教育--教材 | |
| 电子资源: | ||
| ISBN: | 978-7-81106-769-9 | |
| 000 | 00801nam0 2200229 450 | |
| 001 | 1245483282 | |
| 005 | 20181213151613.05 | |
| 010 | @a978-7-81106-769-9@dCNY37.00 | |
| 100 | @a20111114d2011 y0chiy0110 ea | |
| 101 | 0 | @achi |
| 102 | @aCN@b410000 | |
| 105 | @aa z 000yy | |
| 200 | 1 | @a桥梁工程@9qiao liang gong cheng@f李广慧主编 |
| 210 | @a郑州@c郑州大学出版社@d2011.08 | |
| 215 | @a339页@c图@d26cm | |
| 300 | @a普通高等教育土木工程专业“十二五”规划教材 | |
| 330 | @a本书共分10章,内容包括:绪论、桥梁的总体规划设计、桥梁设计作用、桥梁材料、桥面布置与构造、混凝土简支梁桥、悬臂和连续体系梁桥、桥梁支座、桥梁墩台、计算机辅助桥梁设计等。 | |
| 606 | 0 | @a桥梁工程@x高等教育@j教材 |
| 690 | @aU44@v4 | |
| 701 | 0 | @a李广慧@9li guang hui@4主编 |
| 801 | 0 | @aCN@bSG02@c20111114 |
| 905 | @aZUCC@dU44@eL162 | |
| 桥梁工程/李广慧主编.-郑州:郑州大学出版社,2011.08 |
| 339页:图;26cm |
| 普通高等教育土木工程专业“十二五”规划教材 |
| ISBN 978-7-81106-769-9:CNY37.00 |
| 本书共分10章,内容包括:绪论、桥梁的总体规划设计、桥梁设计作用、桥梁材料、桥面布置与构造、混凝土简支梁桥、悬臂和连续体系梁桥、桥梁支座、桥梁墩台、计算机辅助桥梁设计等。 |
| ● |
| 相关链接 |
|
|
|
正题名:桥梁工程
索取号:U44/L162
 
预约/预借
| 序号 | 登录号 | 条形码 | 馆藏地/架位号 | 状态 | 备注 |
| 1 | 1282596 | 212825969 | 自科库501/501自科库 83排1列1层/ [索取号:U44/L162] | 在馆 | |
| 2 | 485123 | 204851231 | 城院文库/ [索取号:U44/L162] | 在馆 |